000 00485nam a2200181Ia 4500
005 20230424133115.0
008 131103s9999 xx 000 0 und d
040 _aLoreto College
041 _aEnglish
082 _a823.6
_bGOL-SHE
100 _aSherwin,Oscar
245 _aLife and times of Goldsmith
_cOscar Sherwin
260 _aNew York
_bCollier Books
_c1962
300 _a350 p.
504 _aIncludes biblliographical references and index
850 _aLCLIB
942 _cBK
999 _c5551
_d56030